Comparece: España : (Record no. 182158)

MARC details
000 -LEADER
campo de control de longitud fija 00815nam a2200229 i 4500
001 - NÚMERO DE CONTROL
campo de control 182158
003 - IDENTIFICADOR DE NÚMERO DE CONTROL
campo de control ES-MaACL
005 - FECHA Y HORA DE LA ÚLTIMA TRANSACCIÓN
campo de control 20251002201037.0
008 - DATOS DE LONGITUD FIJA--INFORMACIÓN GENERAL
campo de control de longitud fija 130620s2012 sp | |||||||| | spa d
020 ## - NÚMERO INTERNACIONAL ESTÁNDAR DEL LIBRO
Número Internacional Estándar del Libro 978-84-670-0853-1
080 ## - NÚMERO DE LA CLASIFICACIÓN DECIMAL UNIVERSAL
Número de la Clasificación Decimal Universal 347.961(460)"18/19"
100 1# - ENTRADA PRINCIPAL--NOMBRE DE PERSONA
Nombre de persona García de Cortázar, Fernando.
9 (RLIN) 54413
245 10 - MENCIÓN DEL TÍTULO
Título Comparece: España :
Resto del título una historia a través del notariado /
Mención de responsabilidad, etc. Fernando García de Cortázar, Ricardo Martín de la Guardia.
260 ## - PUBLICACIÓN, DISTRIBUCIÓN, ETC.
Lugar de publicación, distribución, etc. Barcelona :
Nombre del editor, distribuidor, etc. Espasa,
Fecha de publicación, distribución, etc. D.L. 2012.
300 ## - DESCRIPCIÓN FÍSICA
Extensión 383 p. ;
Dimensiones 24 cm.
500 ## - NOTA GENERAL
Nota general Bibliografía: p. 361-383.
650 #4 - PUNTO DE ACCESO ADICIONAL DE MATERIA--TÉRMINO DE MATERIA
Término de materia o nombre geográfico como elemento de entrada Notariado-
Subdivisión geográfica España.
9 (RLIN) 145428
700 1# - ENTRADA AGREGADA--NOMBRE PERSONAL
Nombre de persona Martín de la Guardia, Ricardo,
Fechas asociadas al nombre 1964-
9 (RLIN) 162705
852 ## - LOCALIZACIÓN
Ubicación ES-MaACL
Número de control de estantería A-12722
itemnumber 189069
Sublocalización o colección 149002
Ubicación en estantería Depósito 1
Signatura antigua Olim: N-5722
942 ## - ELEMENTOS DE ENTRADA SECUNDARIOS (KOHA)
Fuente del sistema de clasificación o colocación Clasificación decimal universal
Tipo de ítem Koha Libro impreso
Holdings
Estatus retirado Estado de pérdida Fuente del sistema de clasificación o colocación Estado de daño No para préstamo Biblioteca de origen Biblioteca actual Ubicación en estantería Fecha de adquisición Fuente de adquisición Total de préstamos Signatura topográfica completa Código de barras Visto por última vez Precio de reemplazo Tipo de ítem Koha
    Clasificación decimal universal     Biblioteca del Ateneo de Madrid Biblioteca del Ateneo de Madrid Depósito 1 20/06/2013 Donación   A-12722 1191427 23/02/2023 23/02/2023 Libro impreso